Kul'turnyj sojuz ukrajins'kych trudjaščych na porozi druhoho čvert' stolittja

Bibliographic Details
Main Authors: Kováč, Andrej, 1930-2015 (Author), Prokipčák, Ivan, 1917-1991 (Author)
Format: Article
Language:Ukrainian
Subjects:

MARC

LEADER 00000nab a2200000 ar4500
001 vtls009490236
003 SK-MaSNL
005 20260318124122.0
008 090406c1978 xo ar|p|||| |000 c|ukr
015 |a SNBRA2009/04 
038 |a SVKPOCL 
040 |a SVKPO  |b slo  |c SVKPO  |e AACR2 
041 0 |a ukr  |b slo  |b rus  |b ger 
044 |a xo  |c SK 
080 |a 80(=161.2)+908(477)  |2 2001 
080 |a 316.356.4  |2 2001 
080 |a 374.191.111  |2 2001 
080 |a (437.6)  |2 2001 
100 1 |a Kováč, Andrej,  |d 1930-2015  |4 aut  |9 177702 
245 1 0 |a Kul'turnyj sojuz ukrajins'kych trudjaščych na porozi druhoho čvert' stolittja  |c A. Kovač, I. Prokipčak 
504 |a Bibliogr. odkazy 
546 |a Res. nem., rus., slo 
610 2 7 |a Kultúrny zväz ukrajinských pracujúcich (Slovensko)  |2 svkpocl  |9 89421 
648 7 |a 20. stor.  |2 snkbucl  |9 275975 
650 0 7 |a ukrajinistika  |2 svkpocl  |9 51200 
650 0 7 |a spolky  |2 svkpocl  |9 4725 
650 0 7 |a národnosti  |2 svkpocl  |9 4722 
651 7 |a Slovensko  |2 svkpocl  |9 14231 
655 7 |a štúdie  |2 svkpocl  |9 57033 
700 1 |a Prokipčák, Ivan,  |d 1917-1991  |4 aut  |9 144877 
773 0 |t Naukovi zapysky. 6  |d Prjašiv : Kul'turnyj sojuz ukrajins'kych trudjaščych u ČSSR, 1978  |g S. 15-32 
852 |a SVKPO  |b KIS3GCP 
958 |a UK 
958 |a SK 
958 |a NB 
999 |c 2675474  |d 2677404